[Event "Stare Mesto op-B"]
[Site "Stare Mesto"]
[Date "2023.08.07"]
[Round "3"]
[White "Stary, Simon"]
[Black "Zpevakova, Katerina"]
[Result "1/2-1/2"]
[WhiteElo "1570"]
[BlackElo "1786"]
[PlyCount "62"]
[EventDate "2023.08.05"]
[EventType "swiss"]
[EventRounds "9"]
[EventCountry "CZE"]
[SourceTitle "EXT 2024"]
[Source "ChessBase"]
[SourceDate "2023.10.10"]
[SourceVersion "1"]
[SourceVersionDate "2023.10.10"]
[SourceQuality "1"]

1. e4 c5 2. Nf3 e6 3. d4 cxd4 4. Nxd4 a6 5. c4 Qc7 6. Nc3 Nf6 7. Be3 d6 8. Be2 Nbd7 9. 0-0 Be7 10. Qd2 0-0 11. Rfd1 Ne5 12. b3 Neg4 13. Bxg4 Nxg4 14. Bg5 Nf6 15. f3 b6 16. Rac1 Bb7 17. Be3 Rab8 18. Nc2 Rfd8 19. Qf2 Nd7 20. Qg3 Ne5 21. Na4 Bc6 22. Nb4 Bxa4 23. Nxa6 Qa7 24. Nxb8 Be8 25. f4 Ng6 26. f5 exf5 27. exf5 Ne5 28. Bh6 Bf6 29. Bxg7 Bxg7 30. f6 Ng6 31. fxg7 Qxb8 1/2-1/2

[Event "Stare Mesto op"]
[Site "Stare Mesto"]
[Date "2022.08.19"]
[Round "8"]
[White "Sramek, Ondrej"]
[Black "Zpevakova, Katerina"]
[Result "0-1"]
[WhiteElo "1985"]
[BlackElo "1804"]
[PlyCount "66"]
[EventDate "2022.08.12"]
[EventType "swiss"]
[EventRounds "9"]
[EventCountry "CZE"]
[SourceTitle "CBM 209 Extra"]
[Source "ChessBase"]
[SourceDate "2022.09.30"]
[SourceVersion "1"]
[SourceVersionDate "2022.09.30"]
[SourceQuality "1"]

1. e4 c5 2. Nf3 e6 3. d4 cxd4 4. Nxd4 a6 5. Nc3 Qc7 6. Bd3 Nf6 7. 0-0 d6 8. Nb3 Nbd7 9. f4 Be7 10. Kh1 b5 11. a3 Bb7 12. Be3 h5 13. Qe1 h4 14. h3 Nh5 15. Ne2 Nc5 16. Nd2 Bf6 17. Bxc5 Qxc5 18. c3 e5 19. f5 Qe3 20. Rf3 Qh6 21. a4 Bg5 22. Nb3 bxa4 23. Rxa4 Bc6 24. Ra1 d5 25. Nc5 Be7 26. exd5 Bxd5 27. Be4 Qc6 28. Bxd5 Qxd5 29. Nxa6 0-0 30. Nb4 Rxa1 31. Qxa1 Qd2 32. Qf1 e4 33. Nf4 exf3 0-1

[Event "Stare Mesto op"]
[Site "Stare Mesto"]
[Date "2022.08.16"]
[Round "5"]
[White "Fialka, Adam"]
[Black "Zpevakova, Katerina"]
[Result "1-0"]
[WhiteElo "1896"]
[BlackElo "1804"]
[PlyCount "53"]
[EventDate "2022.08.12"]
[EventType "swiss"]
[EventRounds "9"]
[EventCountry "CZE"]
[SourceTitle "CBM 209 Extra"]
[Source "ChessBase"]
[SourceDate "2022.09.30"]
[SourceVersion "1"]
[SourceVersionDate "2022.09.30"]
[SourceQuality "1"]

1. e4 c5 2. c3 d5 3. exd5 Qxd5 4. Nf3 e6 5. d4 Nf6 6. Be3 Ng4 7. Na3 Nxe3 8. fxe3 a6 9. Nc4 Qd8 10. Bd3 Nd7 11. 0-0 cxd4 12. exd4 Be7 13. Nfe5 Nf6 14. Qf3 0-0 15. Qh3 g6 16. Ne3 Qc7 17. Rf2 Nd7 18. Nxf7 Nf6 19. Ne5 Bd6 20. N3c4 Be7 21. Raf1 b5 22. Ne3 Kg7 23. N3g4 h5 24. Nxf6 Rxf6 25. Qg3 h4 26. Qg4 Rxf2 27. Qxg6+ 1-0

[Event "Stare Mesto op"]
[Site "Stare Mesto"]
[Date "2022.08.12"]
[Round "1"]
[White "Mojzis, Jaroslav"]
[Black "Zpevakova, Katerina"]
[Result "1-0"]
[WhiteElo "2102"]
[BlackElo "1804"]
[PlyCount "61"]
[EventDate "2022.08.12"]
[EventType "swiss"]
[EventRounds "9"]
[EventCountry "CZE"]
[SourceTitle "CBM 209 Extra"]
[Source "ChessBase"]
[SourceDate "2022.09.30"]
[SourceVersion "1"]
[SourceVersionDate "2022.09.30"]
[SourceQuality "1"]

1. Nf3 Nf6 2. c4 g6 3. g3 Bg7 4. Bg2 d6 5. d4 c6 6. 0-0 Nbd7 7. Nc3 0-0 8. e4 e5 9. h3 Re8 10. Re1 Qc7 11. Be3 h6 12. Qc2 a6 13. c5 dxc5 14. dxe5 Nxe5 15. Nxe5 Qxe5 16. f4 Qe7 17. e5 Nd7 18. Ne4 Bf8 19. Nd6 Rd8 20. Rad1 Qe6 21. Bf1 Nxe5 22. fxe5 Qxe5 23. Bf4 Qh5 24. Be2 Qxh3 25. Bc4 Rxd6 26. Bxd6 Bf5 27. Qb3 Bxd6 28. Bxf7+ Kg7 29. Rxd6 Rf8 30. Re7 c4 31. Qc3+ 1-0

[Event "CZE-ch Rapid (Women)"]
[Site "Ceska Trebova"]
[Date "2022.05.14"]
[Round "6"]
[White "Trasakova, Adela"]
[Black "Zpevakova, Katerina"]
[Result "1-0"]
[WhiteElo "1842"]
[BlackElo "1804"]
[PlyCount "61"]
[EventDate "2022.05.14"]
[EventType "swiss (rapid)"]
[EventRounds "9"]
[EventCountry "CZE"]
[SourceTitle "CBM 208 Extra"]
[Source "ChessBase"]
[SourceDate "2022.07.31"]
[SourceVersion "1"]
[SourceVersionDate "2022.07.31"]
[SourceQuality "1"]

1. d4 Nf6 2. Nf3 g6 3. g3 Bg7 4. Bg2 d6 5. 0-0 0-0 6. b3 c6 7. Bb2 Nbd7 8. Re1 Qc7 9. e4 e5 10. dxe5 dxe5 11. Nbd2 Re8 12. Nc4 b5 13. Nd6 Re6 14. Nxc8 Rxc8 15. Qe2 h6 16. Rad1 Nh7 17. Bh3 f5 18. exf5 gxf5 19. Bxf5 Re7 20. Ba3 Rf7 21. Be6 Ndf6 22. Bxf7+ Kxf7 23. Nxe5+ Kg8 24. Bd6 Qb6 25. Ng6 Re8 26. Ne7+ Kh8 27. Qe6 Ng5 28. Qf5 Nd5 29. Ng6+ Kh7 30. Nf4+ Kg8 31. Rxe8+ 1-0

[Event "CZE-ch Betsys Online Blitz"]
[Site "Chess.com INT"]
[Date "2021.04.17"]
[Round "11"]
[White "Peroutka, Simon"]
[Black "Zpevakova, Katerina"]
[Result "0-1"]
[WhiteElo "1631"]
[BlackElo "1804"]
[PlyCount "58"]
[EventDate "2021.04.17"]
[EventType "swiss (blitz)"]
[EventRounds "13"]
[EventCountry "CZE"]
[SourceTitle "CBM 201 Extra"]
[Source "ChessBase"]
[SourceDate "2021.05.31"]
[SourceVersion "1"]
[SourceVersionDate "2021.05.31"]
[SourceQuality "1"]

1. e4 c5 2. Nf3 e6 3. d4 cxd4 4. Nxd4 a6 5. c4 Qc7 6. Nc3 Nf6 7. Bd3 g6 8. 0-0 Bg7 9. f4 d6 10. Be3 Nbd7 11. b4 0-0 12. Qf3 Rb8 13. a4 b6 14. Rac1 Bb7 15. Rc2 Qd8 16. Ra1 Qe7 17. a5 bxa5 18. Rxa5 d5 19. cxd5 exd5 20. e5 Nxe5 21. fxe5 Qxe5 22. Re2 Qd6 23. b5 Qb4 24. Ra4 Qxc3 25. bxa6 Qxd3 26. axb7 Rxb7 27. Qf2 Ne4 28. Qf3 Qd1+ 29. Qf1 Qxa4 0-1

[Event "CZE-ch Betsys Online Blitz"]
[Site "Chess.com INT"]
[Date "2021.04.17"]
[Round "12"]
[White "Rojar, Libor"]
[Black "Zpevakova, Katerina"]
[Result "1/2-1/2"]
[WhiteElo "1883"]
[BlackElo "1804"]
[PlyCount "110"]
[EventDate "2021.04.17"]
[EventType "swiss (blitz)"]
[EventRounds "13"]
[EventCountry "CZE"]
[SourceTitle "CBM 201 Extra"]
[Source "ChessBase"]
[SourceDate "2021.05.31"]
[SourceVersion "1"]
[SourceVersionDate "2021.05.31"]
[SourceQuality "1"]

1. e4 c5 2. c3 e6 3. d4 d5 4. e5 cxd4 5. cxd4 a6 6. Nf3 Nc6 7. Bd3 Nge7 8. 0-0 Ng6 9. Nc3 b5 10. a3 Be7 11. Re1 0-0 12. Be3 b4 13. Ne2 bxa3 14. bxa3 Bd7 15. g3 Qa5 16. h4 Rfb8 17. h5 Nf8 18. h6 g6 19. Bg5 Qd8 20. Bxe7 Qxe7 21. Qd2 Rb3 22. Nh2 Rxa3 23. Rxa3 Qxa3 24. Ng4 Qe7 25. Rb1 Be8 26. Nf6+ Kh8 27. Rb6 a5 28. Qc3 Nb4 29. Bb1 Nd7 30. Rb7 Qf8 31. Nxd7 Bxd7 32. Rxd7 Qxh6 33. Nf4 Rf8 34. Qc5 Qg5 35. Qxa5 Nc6 36. Qc7 Nxd4 37. Bd3 Nf3+ 38. Kg2 Ne1+ 39. Kg1 Nxd3 40. Nxd3 Qf5 41. Nf4 Qb1+ 42. Kg2 Qe4+ 43. Kg1 Qf5 44. Ne2 h5 45. Nd4 Qb1+ 46. Kg2 Qe4+ 47. Nf3 g5 48. Rxf7 Rxf7 49. Qxf7 g4 50. Qxh5+ Kg7 51. Qg5+ Kf7 52. Qf6+ Kg8 53. Qf4 gxf3+ 54. Qxf3 Qxe5 55. Qg4+ Kf7 1/2-1/2

[Event "CZE-ch Betsys Online Blitz"]
[Site "Chess.com INT"]
[Date "2021.04.17"]
[Round "13"]
[White "Zpevakova, Katerina"]
[Black "Svoboda, Karel"]
[Result "0-1"]
[WhiteElo "1804"]
[BlackElo "1962"]
[PlyCount "116"]
[EventDate "2021.04.17"]
[EventType "swiss (blitz)"]
[EventRounds "13"]
[EventCountry "CZE"]
[SourceTitle "CBM 201 Extra"]
[Source "ChessBase"]
[SourceDate "2021.05.31"]
[SourceVersion "1"]
[SourceVersionDate "2021.05.31"]
[SourceQuality "1"]

1. Nf3 Nf6 2. g3 g6 3. Bg2 Bg7 4. d3 d5 5. 0-0 e5 6. Nbd2 Nbd7 7. e4 d4 8. c4 c5 9. h3 0-0 10. a3 Qe7 11. Kh2 h6 12. Ng1 Nh7 13. f4 f5 14. exf5 Rxf5 15. Ne4 exf4 16. Bxf4 g5 17. Bd2 Rxf1 18. Qxf1 Ne5 19. Re1 Nf6 20. Nxf6+ Qxf6 21. Qxf6 Bxf6 22. Be4 Rb8 23. b4 b6 24. Nf3 Nxf3+ 25. Bxf3 Bd7 26. Bd5+ Kg7 27. b5 Re8 28. Rxe8 Bxe8 29. Be6 Bg6 30. a4 Bxd3 31. a5 Be5 32. axb6 axb6 33. Bd5 Kf6 34. Kg2 Bf5 35. h4 gxh4 36. gxh4 h5 37. Bg5+ Kg6 38. Bd8 d3 39. Bf3 Bg4 40. Be4+ Bf5 41. Bf3 d2 42. Bxb6 Bc2 43. Bxc5 d1Q 44. Bxd1 Bxd1 45. Be3 Be2 46. Kf2 Bxc4 47. b6 Bd5 48. Ke2 Kf5 49. Bg5 Kg4 50. Bd8 Bg3 51. Kd3 Bxh4 52. Kd4 Bb7 53. Bc7 Bg5 54. Kc5 h4 55. Bd6 Bf4 56. Be7 h3 57. Kd4 h2 58. Bf6 h1Q 0-1

[Event "Prague Menchik Memorial rapid"]
[Site "Prague"]
[Date "2019.06.09"]
[Round "1"]
[White "Suran, Jan1111"]
[Black "Zpevakova, Katerina"]
[Result "1-0"]
[WhiteElo "1543"]
[BlackElo "1858"]
[PlyCount "93"]
[EventDate "2019.06.09"]
[EventType "swiss (rapid)"]
[EventRounds "9"]
[EventCountry "CSR"]
[SourceTitle "CBM 190 Extra"]
[Source "ChessBase"]
[SourceDate "2019.07.15"]
[SourceVersion "1"]
[SourceVersionDate "2019.07.15"]
[SourceQuality "1"]

1. Nf3 Nf6 2. c4 g6 3. b3 Bg7 4. Bb2 d6 5. d4 0-0 6. g3 c6 7. Bg2 Nbd7 8. 0-0 Qc7 9. Nc3 e5 10. Qc2 a6 11. e4 exd4 12. Nxd4 Nc5 13. Rad1 Bg4 14. f3 Bd7 15. Rfe1 Rad8 16. Bc1 Ne6 17. Nxe6 fxe6 18. Bf4 e5 19. Bg5 h6 20. Be3 Nh5 21. Qd2 Kh7 22. Qxd6 Qa5 23. Qd2 Be6 24. Qc2 b5 25. cxb5 cxb5 26. Bc5 Rxd1 27. Rxd1 Rc8 28. b4 Qc7 29. Nd5 Qf7 30. Qd3 Nf6 31. f4 exf4 32. gxf4 Nxd5 33. exd5 Bg4 34. Rf1 Rd8 35. Be4 Bf5 36. Rd1 Bg4 37. Rf1 h5 38. f5 gxf5 39. Bxf5+ Bxf5 40. Rxf5 Qg6+ 41. Kh1 Kg8 42. Rf8+ Rxf8 43. Qxg6 Rf1+ 44. Kg2 Rd1 45. Qe8+ Kh7 46. Qxh5+ Kg8 47. Qxd1 1-0

[Event "Banska Stiavnica V4 op"]
[Site "Banska Stiavnica"]
[Date "2017.07.13"]
[Round "6"]
[White "Bojda, Lubomir"]
[Black "Zpevakova, Katerina"]
[Result "0-1"]
[WhiteElo "2078"]
[BlackElo "1893"]
[PlyCount "72"]
[EventDate "2017.07.08"]
[EventType "swiss"]
[EventRounds "9"]
[EventCountry "SVK"]
[SourceTitle "CBM 179 Extra"]
[Source "ChessBase"]
[SourceDate "2017.08.23"]
[SourceVersion "1"]
[SourceVersionDate "2017.08.23"]
[SourceQuality "1"]

1. d4 Nf6 2. Nf3 g6 3. g3 Bg7 4. Bg2 0-0 5. 0-0 d6 6. c4 c6 7. Nc3 Nbd7 8. e4 e5 9. h3 Qe7 10. Re1 Rd8 11. b3 a6 12. a4 Nf8 13. Be3 h6 14. Qc2 g5 15. Nd2 Ng6 16. f3 Nh5 17. dxe5 Bxe5 18. g4 Nhf4 19. Rad1 Nxg2 20. Kxg2 Qf6 21. Ne2 Nh4+ 22. Kh1 h5 23. Rg1 hxg4 24. fxg4 Qh6 25. Ng3 Bxg4 26. hxg4 Nf5+ 27. Nh5 Nxe3 28. Qd3 Nxg4 29. Kg2 Qxh5 30. Rh1 Nh2 31. Rdg1 Kg7 32. Nf1 Qg4+ 33. Ng3 Rh8 34. Rxh2 Rxh2+ 35. Kxh2 Rh8+ 36. Kg2 Rh3 0-1

[Event "Banska Stiavnica V4 op"]
[Site "Banska Stiavnica"]
[Date "2017.07.08"]
[Round "1"]
[White "Belunek, Vladimir"]
[Black "Zpevakova, Katerina"]
[Result "1-0"]
[WhiteElo "2238"]
[BlackElo "1893"]
[PlyCount "41"]
[EventDate "2017.07.08"]
[EventType "swiss"]
[EventRounds "9"]
[EventCountry "SVK"]
[SourceTitle "CBM 179 Extra"]
[Source "ChessBase"]
[SourceDate "2017.08.23"]
[SourceVersion "1"]
[SourceVersionDate "2017.08.23"]
[SourceQuality "1"]

1. d4 Nf6 2. Nf3 g6 3. c4 Bg7 4. Nc3 d6 5. e4 Nbd7 6. Be2 c6 7. 0-0 0-0 8. Qc2 e5 9. Rd1 Qc7 10. h3 a6 11. a4 h6 12. Be3 Kh7 13. a5 Ng8 14. dxe5 dxe5 15. Na4 Rb8 16. Nb6 Nxb6 17. Bxb6 Qe7 18. b4 Qxb4 19. Bc7 Ra8 20. Bd6 c5 21. Ra4 1-0

[Event "GER-chT Federal Cup (Women)"]
[Site "Braunfels"]
[Date "2016.05.29"]
[Round "5.6"]
[White "Zpevakova, Katerina"]
[Black "Lobzhanidze, Anna Luise"]
[Result "1/2-1/2"]
[WhiteElo "1814"]
[BlackElo "1842"]
[PlyCount "182"]
[EventDate "2016.05.26"]
[EventType "team-swiss"]
[EventRounds "5"]
[EventCountry "GER"]
[SourceTitle "EXT 2019"]
[Source "ChessBase"]
[SourceDate "2018.10.10"]
[SourceVersion "1"]
[SourceVersionDate "2018.10.10"]
[SourceQuality "1"]
[WhiteTeam "Wuerttemberg (W)"]
[BlackTeam "Hessen (W)"]
[WhiteTeamCountry "GER"]
[BlackTeamCountry "GER"]

1. Nf3 d6 2. g3 Nf6 3. Bg2 g6 4. c3 Bg7 5. d3 0-0 6. 0-0 c5 7. Nbd2 Nc6 8. e4 h6 9. Re1 e5 10. Qc2 Be6 11. h3 d5 12. Kh2 Qd7 13. b3 dxe4 14. dxe4 Rad8 15. Bf1 Qc7 16. Nc4 Nd7 17. Ne3 Nf6 18. Bd2 Kh7 19. Rad1 Rd7 20. Bc1 Rfd8 21. Rxd7 Rxd7 22. Nc4 Ne8 23. Be3 b6 24. Nh4 Qd8 25. Nd2 Nc7 26. a3 a5 27. a4 Bf6 28. Ng2 Bg7 29. Nh4 Bf6 30. Nhf3 Bg7 31. Nc4 Ne8 32. Nh4 Nd6 33. Nxd6 Rxd6 34. Nf3 Ne7 35. g4 Qc8 36. Nd2 Qd8 37. Bb5 Qc7 38. f4 f5 39. exf5 gxf5 40. Bd3 e4 41. Bxe4 fxe4 42. Nxe4 Kh8 43. Nxd6 Qxd6 44. c4 Bg8 45. Qd2 Qxd2+ 46. Bxd2 Nc6 47. Kg3 Nd4 48. Re3 Bf6 49. Rd3 Bh7 50. f5 Kg7 51. Be3 Bg8 52. h4 Be5+ 53. Kf2 Bh7 54. Bxd4 Bxd4+ 55. Kf3 h5 56. Kf4 hxg4 57. Kxg4 Kf6 58. Rf3 Bg8 59. Rf1 Bf7 60. Re1 Be5 61. h5 Be8 62. h6 Bd7 63. Rf1 Bd4 64. h7 Kg7 65. Rh1 Kh8 66. Kg5 Bc6 67. Rh2 Bg1 68. Rh3 Bd4 69. f6 Be8 70. Rh2 Bf7 71. Kf5 Bc3 72. Rg2 Bd4 73. Rg7 Bh5 74. Rb7 Bd1 75. f7 Bg7 76. f8Q+ Bxf8 77. Rb8 Kxh7 78. Rxf8 Bxb3 79. Rb8 Bxc4 80. Rxb6 Bd3+ 81. Ke5 Bc2 82. Rb5 Bxa4 83. Rxa5 Bd1 84. Rxc5 Kg7 85. Rc6 Bf3 86. Rb6 Be2 87. Rb2 Bf3 88. Rf2 Bd1 89. Ke6 Bb3+ 90. Ke7 Kg6 91. Rf3 Bd1 1/2-1/2

[Event "GER-chT Federal Cup (Women)"]
[Site "Braunfels"]
[Date "2016.05.27"]
[Round "3.6"]
[White "Busch, Annette"]
[Black "Zpevakova, Katerina"]
[Result "0-1"]
[WhiteElo "1645"]
[BlackElo "1814"]
[PlyCount "76"]
[EventDate "2016.05.26"]
[EventType "team-swiss"]
[EventRounds "5"]
[EventCountry "GER"]
[SourceTitle "EXT 2019"]
[Source "ChessBase"]
[SourceDate "2018.10.10"]
[SourceVersion "1"]
[SourceVersionDate "2018.10.10"]
[SourceQuality "1"]
[WhiteTeam "Baden (W)"]
[BlackTeam "Wuerttemberg (W)"]
[WhiteTeamCountry "GER"]
[BlackTeamCountry "GER"]

1. d4 Nf6 2. Nf3 g6 3. Bf4 Bg7 4. e3 d6 5. c4 0-0 6. Be2 c6 7. Nc3 Nbd7 8. h3 Re8 9. 0-0 h6 10. Rc1 Nh7 11. b4 e5 12. dxe5 dxe5 13. Bh2 Qe7 14. c5 Nhf6 15. Qb3 b6 16. Na4 b5 17. Nc3 Qe6 18. Qxe6 Rxe6 19. a4 a5 20. bxa5 b4 21. Nb1 Ne4 22. Rc4 Nexc5 23. Rxb4 Rxa5 24. Nc3 Ba6 25. Bxa6 Rxa6 26. Ne4 Rxa4 27. Rxa4 Nxa4 28. Rc1 c5 29. Ra1 Nab6 30. Ra7 Rc6 31. Ned2 c4 32. Ra1 c3 33. Nb3 c2 34. Rc1 Bf8 35. Nxe5 Nxe5 36. Bxe5 Ba3 37. Ra1 c1Q+ 38. Rxc1 Bxc1 0-1

[Event "SVK-ch op"]
[Site "Banska Stiavnica"]
[Date "2015.07.10"]
[Round "7"]
[White "Kovacs, Elod"]
[Black "Zpevakova, Katerina"]
[Result "1-0"]
[WhiteElo "2164"]
[BlackElo "1918"]
[PlyCount "45"]
[EventDate "2015.07.04"]
[EventType "swiss"]
[EventRounds "9"]
[EventCountry "SVK"]
[SourceTitle "CBM 167 Extra"]
[Source "ChessBase"]
[SourceDate "2015.09.14"]
[SourceVersion "1"]
[SourceVersionDate "2015.09.14"]
[SourceQuality "1"]

1. d4 Nf6 2. c4 g6 3. Nc3 Bg7 4. e4 d6 5. f4 e5 6. dxe5 dxe5 7. Qxd8+ Kxd8 8. fxe5 Ng4 9. Bg5+ Ke8 10. Nd5 Bxe5 11. Nf3 Bd6 12. c5 Bxc5 13. 0-0-0 Nd7 14. Nxc7+ Kf8 15. Nxa8 Nf2 16. Bc4 Nxh1 17. Rxh1 h6 18. Bd2 Bd6 19. Bc3 f6 20. Rd1 Ke7 21. Nh4 Bf4+ 22. Kb1 Nf8 23. Bb4+ 1-0

[Event "SVK-ch op"]
[Site "Banska Stiavnica"]
[Date "2015.07.04"]
[Round "1"]
[White "Zpevakova, Katerina"]
[Black "Petran, Peter"]
[Result "0-1"]
[WhiteElo "1918"]
[BlackElo "2365"]
[PlyCount "84"]
[EventDate "2015.07.04"]
[EventType "swiss"]
[EventRounds "9"]
[EventCountry "SVK"]
[SourceTitle "CBM 167 Extra"]
[Source "ChessBase"]
[SourceDate "2015.09.14"]
[SourceVersion "1"]
[SourceVersionDate "2015.09.14"]
[SourceQuality "1"]

1. Nf3 g6 2. g3 Bg7 3. Bg2 e5 4. d3 d5 5. Nbd2 Ne7 6. 0-0 Nbc6 7. c3 h6 8. e4 Be6 9. Re1 0-0 10. Qc2 a5 11. Nf1 Qd7 12. Bd2 Rfd8 13. Rad1 a4 14. c4 dxc4 15. dxc4 Nd4 16. Nxd4 exd4 17. e5 c5 18. h4 Rab8 19. Nh2 b5 20. b3 Kh7 21. h5 bxc4 22. bxc4 a3 23. Bc1 Rb4 24. Bf1 Qa4 25. Qxa4 Rxa4 26. Rd2 Rb8 27. Rc2 Bf5 28. Rd2 gxh5 29. Be2 Rb1 30. f4 Kg8 31. Kf2 Nc6 32. Nf3 Na5 33. Bd1 Rxc4 34. Bxa3 Bf8 35. Nh4 Bg4 36. Bc2 Rxe1 37. Kxe1 Rc3 38. Bb2 Rxg3 39. Nf5 Rh3 40. Rg2 Nc4 41. Bxd4 cxd4 42. Nxd4 Bb4+ 0-1

[Event "GER-chT Federal Cup (Women)"]
[Site "Braunfels"]
[Date "2015.06.05"]
[Round "2.5"]
[White "Holschuh, Luisa"]
[Black "Zpevakova, Katerina"]
[Result "0-1"]
[WhiteElo "1413"]
[BlackElo "1807"]
[PlyCount "54"]
[EventDate "2015.06.04"]
[EventType "team-swiss"]
[EventRounds "5"]
[EventCountry "GER"]
[SourceTitle "CBM 167 Extra"]
[Source "ChessBase"]
[SourceDate "2015.09.14"]
[SourceVersion "1"]
[SourceVersionDate "2015.09.14"]
[SourceQuality "1"]
[WhiteTeam "Saarland (W)"]
[BlackTeam "Wuerttemberg (W)"]
[WhiteTeamCountry "GER"]
[BlackTeamCountry "GER"]

1. e4 c5 2. c3 d5 3. exd5 Qxd5 4. d4 e6 5. Nf3 Nf6 6. Bf4 a6 7. Nbd2 Nc6 8. Bc4 Qd8 9. Nb3 Na5 10. Nxa5 Qxa5 11. 0-0 Be7 12. Re1 b5 13. Bd3 Qb6 14. b3 Nd5 15. dxc5 Bxc5 16. Bxb5+ axb5 17. Qxd5 Bxf2+ 18. Kh1 Bb7 19. Qe5 Bxe1 20. Rxe1 f6 21. Qxe6+ Qxe6 22. Rxe6+ Kf7 23. Rb6 Bxf3 24. gxf3 Rxa2 25. Rxb5 Rd8 26. Be3 Rd1+ 27. Bg1 Raa1 0-1

[Event "GER-chT Federal Cup (Women)"]
[Site "Braunfels"]
[Date "2015.06.04"]
[Round "1.5"]
[White "Zpevakova, Katerina"]
[Black "Neumann, Ramona"]
[Result "0-1"]
[WhiteElo "1807"]
[BlackElo "1572"]
[PlyCount "122"]
[EventDate "2015.06.04"]
[EventType "team-swiss"]
[EventRounds "5"]
[EventCountry "GER"]
[SourceTitle "CBM 167 Extra"]
[Source "ChessBase"]
[SourceDate "2015.09.14"]
[SourceVersion "1"]
[SourceVersionDate "2015.09.14"]
[SourceQuality "1"]
[WhiteTeam "Wuerttemberg (W)"]
[BlackTeam "Hamburg (W)"]
[WhiteTeamCountry "GER"]
[BlackTeamCountry "GER"]

1. Nf3 Nf6 2. g3 e6 3. Bg2 d5 4. d3 Be7 5. 0-0 0-0 6. Nbd2 c5 7. c3 Nc6 8. e4 Qc7 9. Re1 b5 10. Qc2 e5 11. exd5 Nxd5 12. Nxe5 Nxe5 13. Bxd5 Rb8 14. f4 Ng4 15. Bg2 Rb6 16. h3 Nf6 17. Nf3 Bd6 18. Be3 Rb8 19. Rad1 Bf5 20. g4 Bxg4 21. hxg4 Nxg4 22. Bc1 Bxf4 23. Bxf4 Qxf4 24. Qd2 Qc7 25. Bh3 Qg3+ 26. Qg2 Qxg2+ 27. Kxg2 Nf6 28. d4 cxd4 29. Rxd4 Rfd8 30. Re7 a5 31. Kf2 Rxd4 32. Nxd4 b4 33. c4 a4 34. Ra7 a3 35. bxa3 bxa3 36. Rxa3 h5 37. Bg2 Rb4 38. Rc3 Ng4+ 39. Kg3 Ne5 40. Bd5 g5 41. Rb3 Ra4 42. a3 Nxc4 43. Bxc4 Rxc4 44. Nf5 Ra4 45. Ne3 Kg7 46. Nc2 Kg6 47. Rb4 Ra6 48. a4 f5 49. Nd4 Kf6 50. Nb3 h4+ 51. Kf3 Rc6 52. a5 Rc3+ 53. Kg2 h3+ 54. Kg1 g4 55. a6 Rd3 56. a7 g3 57. Kf1 g2+ 58. Kf2 Rf3+ 59. Ke2 g1Q 60. a8Q Qg2+ 61. Kd1 Rf1# 0-1

[Event "BL2 Sued 1314 (Women)"]
[Site "Germany"]
[Date "2013.11.30"]
[Round "1.5"]
[White "Zpevakova, Katerina"]
[Black "Leinenbach, Janine"]
[Result "1-0"]
[WhiteElo "1902"]
[BlackElo "1759"]
[PlyCount "73"]
[EventDate "2013.11.30"]
[EventType "team-tourn"]
[EventRounds "7"]
[EventCountry "GER"]
[SourceTitle "EXT 2018"]
[Source "ChessBase"]
[SourceDate "2017.10.13"]
[SourceVersion "1"]
[SourceVersionDate "2017.10.13"]
[SourceQuality "1"]
[WhiteTeam "Schwaebisch Hall (W)"]
[BlackTeam "Wadgassen/Differten (W)"]
[WhiteTeamCountry "GER"]
[BlackTeamCountry "GER"]

1. Nf3 Nf6 2. g3 d5 3. Bg2 e6 4. d3 c5 5. 0-0 b6 6. c3 Bb7 7. Nbd2 Be7 8. Qc2 0-0 9. e4 Qc7 10. Re1 Nc6 11. Nf1 Rac8 12. N3d2 d4 13. c4 Rce8 14. f4 e5 15. Nf3 Bd6 16. f5 Be7 17. h3 Kh8 18. g4 Qd6 19. Ng3 Ng8 20. g5 Rb8 21. h4 Rfe8 22. Qe2 Bf8 23. Kf2 Bc8 24. Rh1 h6 25. Nh2 g6 26. f6 Nxf6 27. gxf6 Qxf6+ 28. Bf3 Kh7 29. Kg2 Bg7 30. Bd2 Kg8 31. Raf1 Qe7 32. Ng4 h5 33. Nf2 Qe6 34. Nh3 Kf8 35. Ng5 Qd6 36. Bxh5 f6 37. Bxg6 1-0